NHL Roster - Boston Bruins 2024-25 - Statistics

General Stats
  • This quiz has been taken 63 times
  • The average score is 12 of 25
Answer Stats
# Birthplace Player Name % Correct
Forwards 88 Havirov, CZE David Pastrnak
94%
Goaltenders 1 Alaska, USA Jeremy Swayman
94%
Defencemen 73 New York, USA Charlie McAvoy
92%
Goaltenders 70 Pori, FIN Joonas Korpisalo
69%
Forwards 28 Boden, SWE Elias Lindholm
67%
Defencemen 27 Helsingborg, SWE Hampus Lindholm
67%
Defencemen 91 Moscow, RUS Nikita Zadorov
67%
Forwards 18 Brno, CZE Pavel Zacha
67%
Forwards 39 Manitoba, CAN Morgan Geekie
65%
Defencemen 6 Louisiana, USA Mason Lohrei
60%
Forwards 94 Prague, CZE Jakub Lauko
44%
Defencemen 52 Florida, USA Andrew Peeke
42%
Forwards 11 Minnesota, USA Casey Mittelstadt
42%
Forwards 19 New York, USA John Beecher
37%
Forwards 23 Gothenburg, SWE Fabian Lysell
31%
Defencemen 20 Oulu, FIN Henri Jokiharju
31%
Forwards 47 Arizona, USA Mark Kastelic
31%
Defencemen 29 British Columbia, CAN Parker Wotherspoon
31%
Forwards 93 British Columbia, CAN Fraser Minten
29%
Forwards 45 Minnesota, USA Cole Koepke
23%
Defencemen 14 Alberta, CAN Ian Mitchell
23%
Forwards 92 Moscow, RUS Marat Khusnutdinov
23%
Forwards 38 Michigan, USA Patrick Brown
23%
Forwards 95 Minnesota, USA Vinni Lettieri
15%
Defencemen 79 Massachusetts, USA Michael Callahan
12%
No matching quizzes found
Score Distribution
Percent of People with Each Score
Percentile by Number Answered
Your Score History
You have not taken this quiz